| 000 | 01111nam a22002777a 4500 | ||
|---|---|---|---|
| 003 | AR-RoIUNI | ||
| 005 | 20170710114850.0 | ||
| 007 | ta | ||
| 008 | 170425s2017 ag |||||r|||| 00| 0 spa d | ||
| 040 |
_bSpa _cIUNIR _eAnglo |
||
| 080 | _a323.282-055.2 | ||
| 100 | 1 | _aLorenzón Elías, Yasmín N. | |
| 245 | 1 | 0 |
_aLa transmisión del trauma en relatos de mujeres violentadas sexualmente durante el terrorismo de estado : _b el rol de la vergüenza / _cYasmín N. Lorenzón Elías ; [directora] Lucía Brienza. |
| 260 |
_aRosario : _bLa autora, _c2017. |
||
| 300 |
_a42 p. ; _c30 cm |
||
| 500 | _aTrabajo integrador final obligatorio (TIFO). Escuela de psicología, Instituto Universitario Italiano de Rosario. | ||
| 504 | _aINCBIB | ||
| 505 | 0 | _aIntroducción -- Objetivos -- Hipótesis -- Metodología -- Marco teórico -- Tres momentos -- Narración de los hechos -- ¿Qué ocurrió con los relatos? -- Conclusión. | |
| 650 | 4 | _aPSICOLOGÍA | |
| 650 | 4 | _aTESIS | |
| 650 | 4 |
_aTERRORISMO DE ESTADO _xMUJERES |
|
| 650 | 4 | _aABUSO SEXUAL | |
| 653 | 0 | _aTIFO | |
| 700 | 1 | _aBrienza, Lucía. | |
| 942 |
_2cdu _cBK |
||
| 999 |
_c3599 _d3599 |
||